| 000 | 00604nam a2200229Ia 4500 | ||
|---|---|---|---|
| 005 | 20260429112103.0 | ||
| 008 | 260429s9999||||xx |||||||||||||| ||und|| | ||
| 020 | _a9780367471057 | ||
| 041 | _aEnglish | ||
| 082 |
_a155 _bHAR |
||
| 100 | _aHarris, Margaret | ||
| 245 | 0 |
_aStudent's guide to developmental psychology / _cMargaret Harris |
|
| 250 | _a2nd ed. | ||
| 260 |
_aLondon : _bRoutledge, _c2025. |
||
| 300 | _axviii, 471 p.; pbk | ||
| 650 | _a development | ||
| 650 | _aPsychology | ||
| 700 | _a Bazhydai, Marina | ||
| 700 | _a Kim, Sunae | ||
| 700 | _a Westermann, Gert | ||
| 942 | _cTB | ||
| 999 |
_c52285 _d52285 |
||